000 00710nam a2200229Ia 4500
003 OSt
005 20230612113738.0
008 210423s2017 xx 000 0 und d
020 _a978-93-5260-631-3
040 _cAL
041 _aeng
082 _a658.1511
_223
_bHILM
100 _aHILTON (Ronald W);PLATT (David E)
_975910
245 _aManagerial accounting: creating value in a dynamic business environment Ed 10
250 _a10
260 _aChennai
_bMcGrawhill Education
_c2017
300 _axxxvi,809
_bPB
365 _b775
_cINR
650 _aManagement Accounting
_975911
906 _a10 ; accounting: ; business ; creating ; dynamic ; environment ; Managerial ; value
942 _2ddc
_cBK
999 _c168609
_d168609